Multiple Choice Tier-Quiz: Luchs - Statistiken

Allgemein
  • Dieses Quiz wurde 19 mal gespielt
  • Das Durchschnittsergebnis liegt bei 6 aus 10
Antwortstatistiken
Frage Antwort % Korrekt
Was trifft beim Luchs zu? Luchse sind Einzelgänger
94%
Wie viele Junge kommen normalerweise bei einem Wurf zur Welt? 2-4
81%
Der Luchs ist ungefähr so groß wie... ein Deutscher Schäferhund
75%
Luchse erkennt man vor allem an den Pinselohren. Welche zwei weiteren Merkmale treffen bei den Katzen zu? Backenbart und kurzer Schwanz
69%
Wie schwer ist ein Luchs ungefähr? 22 Kilogramm
63%
In welcher 90er-Jahre-Zeichentrickserie spielt ein Luchs eine Hauptrolle? Bonkers
63%
Die Augen des Luchses sind... etwa sechsmal so lichtempfindlich, wie die des Menschen
50%
Luchse gehören zur Unterfamilie der... Kleinkatzen
44%
In welchem dieser Länder findet man KEINE Luchse? Ägypten
25%
Wie schnell können Luchse rennen? Bis zu 70 km/h
6%
Keine übereinstimmenden Quizze gefunden
Verteilung der Resultate
Anzahl Personen mit jedem Resultat
Perzentil nach korrekt beantworteten Fragen
Ihre Resultats-Entwicklung
Sie haben dieses Quiz noch nicht gespielt